00918nam a2200241 a 450000100100000000500170001000800410002702000150006804000250008304100380010808200150014610000330016124000550019424501910024926000300044030000250047053400650049570000270056070000260058770000370061304900090065099900170065900002517920200930023618.0110208s1996 ck r 000 |aspa d a9580436363 aDO-SdBNPbspacBNPHU aenghspa2Código de idioma MARC axxxbB639e1 aBlanchard, Kenneth H.951659 0aEmpowerment : takes more than a minute.lEspañol14aEmpowerment :btres claves para que el proceso de facultar a los empleados funcione en su empresa /cKenneth H. Blanchard, John P. Carlos, Alan Randolph; traducción Jorge Cárdenas N. aBogotá :bNorma,c1996. axi, 123 p. ;c21 cm. aTítulo original :tEmpowerment : takes more than a minute.1 aCarlos, John P.9516601 aRandolph, Alan9516611 aCárdenas N., Jorgeetr.951662 aBNGR c24672d24672